000
00340nam a2200133Ia 4500
008
240624s9999 xx 000 0 und d
041
_a
eng
082
_a
005.758 SEQ
100
_a
SEQUEIRA ANTHONY
245
_a
SQL SERVER 2000 THE ULTIMATE REFERENCE
260
_c
2003
_a
New Delhi
_b
Wiley Dreamtech India
300
_a
xx, : 739
365
_c
RS
999
_c
943
_d
943